Sinh lý học y khoa

Nội dung sách gồm sinh lý hệ máu, sinh lý hệ tuần hoàn, sinh lý hệ hô hấp, sinh lý hệ thận niệu, sinh lý hệ tiêu hóa - gan mật, sinh lý hệ nội tiết, .... ➡️Chương 7: Sinh lý hệ sinh sản ➡️Chương 8: Sinh lý hệ thần kinh cơ ➡️Chương 9: Sinh...

Popoln opis

Shranjeno v:
Bibliografske podrobnosti
Glavni avtor: Trần Văn Ngọc (Chủ biên)
Drugi avtorji: Nguyễn Thị Lệ (Chủ biên)
Format: Knjiga
Jezik:Vietnamese
Izdano: H. Y học 2018
Izdaja:Tái bản lần thứ 1 có sữa chữa và bổ sung
Teme:
Oznake: Označite
Brez oznak, prvi označite!
Thư viện lưu trữ: Thư viện Trường Đại học Nam Cần Thơ
LEADER 01387nam a22002297a 4500
001 NCT_74597
008 200220b xxu||||| |||| 00| 0 vie d
999 |c 3636  |d 3636 
020 |a 9786046632061  |c 480000 
082 0 4 |2 23rd ed.  |a 612  |b Ng419 
100 1 |a Trần Văn Ngọc  |e Chủ biên 
245 1 0 |a Sinh lý học y khoa  |c Chủ biên : Trần Văn Ngọc, Nguyễn Thị Lệ 
250 |a Tái bản lần thứ 1 có sữa chữa và bổ sung 
260 |a H.  |b Y học  |c 2018 
300 |a 643 tr.  |b hình vẽ  |c 29cm 
500 |a ĐTTS ghi: Đại học Y dược thành phố Hồ Chí Minh. Bộ môn Sinh lý học 
520 3 |a Nội dung sách gồm sinh lý hệ máu, sinh lý hệ tuần hoàn, sinh lý hệ hô hấp, sinh lý hệ thận niệu, sinh lý hệ tiêu hóa - gan mật, sinh lý hệ nội tiết, .... ➡️Chương 7: Sinh lý hệ sinh sản ➡️Chương 8: Sinh lý hệ thần kinh cơ ➡️Chương 9: Sinh lý hệ cảm giác 
653 |a Dược học 
700 1 |a Nguyễn Thị Lệ  |e Chủ biên 
942 |2 ddc  |c BK 
952 |0 0  |1 0  |2 ddc  |4 0  |6 612_000000000000000_NG419  |7 0  |9 18699  |a 000001  |b 000001  |d 2020-02-20  |o 612 Ng419  |p MD.16303  |r 2020-02-20  |v 480000.00  |w 2020-02-20  |y BK 
980 |a Thư viện Trường Đại học Nam Cần Thơ